000 00738nam a2200229 a 4500
001 40956
003 BD-RjUL
005 20211209053314.0
008 160512s1967 bg ||||| |||| 00| f ben d
020 _c: Tk. 10.00
035 _a(BD-RjUL) 41072
040 _aBD-RjUL
_bben
_cBD-RjUL
041 _aben
082 _223
_a891.443
_bISA 1967
100 _aইসলাম, জহিরুল
_9122180
245 1 0 _aঅন্য নায়ক /
_cজহিরুল ইসলাম
260 _aঢাকা :
_bবুকভিলা,
_c১৯৬৭
300 _a[৮], ৪২৪ পৃ. ;
_c২১ সেমি.
650 _aবাংলা উপন্যাস
_9126055
650 _aBengali Fiction
_9126056
942 _2ddc
_cBK
999 _c40956
_d40956